000 00670nam a2200205 i 4500
001 bg
245 0 0 _aArchiwa :
_bprzepisy prawne /
_cwybór i oprac. Jerzy Góral.
250 _aStan prawny na dzień 30 czerwca 1997 r.
260 _aToruń :
_bTowarzystwo Naukowe Organizacji i Kierownictwa "Dom Organizatora",
_c1997.
300 _a234, [1] s. ;
_c23 cm.
650 9 _aArchiwistyka
_xprawo
_zPolska
_ystan na 1997 r.
700 1 _aGÓRAL, Jerzy
_d(1944- ).
_eOprac.
020 _a8386850566
040 _cBPK
041 0 _apl
080 _a342.951:351.85:930.25](438)(094.4)
920 _a83-86850-56-6
942 _cKS
008 s pl f |000 0 pol
999 _c33796
_d33796
856 _uhttp://koha.tu.koszalin.pl/cgi-bin/koha/opac-detail.pl?biblionumber=33796
_yKatalog online BPK